000 00622nam a2200253Ia 4500
005 20250425161927.0
008 250425s9999 xx 000 0 und d
020 _a92415422357
041 _aeng
082 _a614.793
100 _aCOOK, JOHN P.
245 0 _aGENERAL SURGERY AT THE DISTRICT HOSPITAL
250 _aS.E.
260 _aEstados Unidos
_bWORLD HEALTH ORGANIZATION
_c1988
260 _aGENEVA
300 _a231
650 _aCIRUGIA
650 _aHOSPITALES
650 _aOPERACIONES
650 _aTECNICAS DE SALUD
710 _aWORLD HEALTH ORGANIZATION
942 _c01
010 _a35201
999 _c219006
_d219006